000 01188nam a2200241 a 4500
001 40652
003 BD-RjUL
005 20211209053247.0
008 160507s1983 bg ||||| |||| 00| 0 ben d
020 _c: Tk.36.00
035 _a(BD-RjUL)40767
040 _aBD-RjUL
_bben
_cBD-RjUL
041 _aben
082 _223
_a297.1
_bALI 1983
100 _aআলীম, আবদুল
_9117434
245 1 0 _aইসলামের বাণী /
_cআবদুল আলীম
260 _aঢাকা :
_bরিচার্স পাব্লিকেশান্স,
_c১৯৮৩
300 _a[১২], ৩৬৬ পৃ. ;
_c২১ সেমি.
500 _a(ইন্টারন্যাশনাল রিলেশন্স ও জেনারেল হিস্ট্রি) ব্যাচেলর ইন ফিজিক্যাল এডুকেশন (ওরিগণ) মার্কিন যুক্তরাস্ট্র | অধ্যক্ষ শারীরিক শিক্ষা কলেজ, ঢাকা | কতৃক সংগৃহীত ও সঙ্কলিত |
650 _aইসলাম
_9125083
650 _aIslam
_9125084
942 _2ddc
_cBK
999 _c40652
_d40652